LEADER 01389nam 2200349 n 450 001 996392793703316 005 20200824121731.0 035 $a(CKB)4940000000114201 035 $a(EEBO)2248552864 035 $a(UnM)ocm99890847e 035 $a(UnM)99890847 035 $a(EXLCZ)994940000000114201 100 $a19850123d1695 uy 101 0 $aeng 135 $aurbn||||a|bb| 200 03$aAn account of the sorts and numbers of ships and vessels now building for His Majesty$b[electronic resource] $eadded to his Royal Navy cleaned and refitted yearly rebuilt and repair'd kept in sea-pay [bracket] since this war. As the same was presented to His Majesty by the officers of his navy at his going over to Holland 210 $a[London $cs.n.]$dprinted in the year MDCXCV. [1695] 215 $a4 p 300 $aPlace of publication suggested by Wing. 300 $aReproduction of original in the British Library. 330 $aeebo-0018 606 $aWarships$zEngland$vEarly works to 1800 607 $aGreat Britain$xHistory, Naval$yStuarts, 1603-1714$vEarly works to 1800 615 0$aWarships 801 0$bCu-RivES 801 1$bCu-RivES 801 2$bCStRLIN 801 2$bCu-RivES 906 $aBOOK 912 $a996392793703316 996 $aAn Account of the sorts and numbers of ships and vessels now building for His Majesty$92370773 997 $aUNISA LEADER 01094nam 2200301Ia 450 001 996392427103316 005 20221108031022.0 035 $a(CKB)1000000000669728 035 $a(EEBO)2240857990 035 $a(OCoLC)13241832 035 $a(EXLCZ)991000000000669728 100 $a19860305d1693 uy | 101 0 $aeng 135 $aurbn||||a|bb| 200 12$aA specimen of the several sorts of letter given to the university by Dr. John Fell late Lord Bishop of Oxford$b[electronic resource] $eto which is added the letter given by Mr. F. Junius 210 $aOxford $cPrinted at the Theater ...$d1693 215 $a[19] leaves 300 $aReproduction of original in the Cambridge University Library. 330 $aeebo-0021 606 $aPrinting$zEngland$vSpecimens 615 0$aPrinting 701 $aFell$b John$f1625-1686.$01001113 801 1$bEAG 801 2$bWaOLN 906 $aBOOK 912 $a996392427103316 996 $aA specimen of the several sorts of letter given to the university by Dr. John Fell late Lord Bishop of Oxford$92367363 997 $aUNISA